000 00695nam a2200265Ia 4500
005 20260121172943.0
008 008 260114s9999 xx 000 0 eng d
020 _a9789811622250
037 _aEBOOK
040 _aCRL
040 _beng
040 _cCRL
041 _2eng
041 _aeng
084 _qCRL
100 _a Inamuddin, Mohd Imran Ahamed, Ram Prasad
_91094822
245 0 _aApplication of Microbes in Environmental and Microbial Biotechnology
260 _bSpringer
260 _bSpringer
260 _c2022
856 _uhttps://link.springer.com/openurl?genre=book&isbn=978-981-16-2225-0
942 _cEBOOK
999 _c1660564
_d1660564